000 00527nam a2200181Ia 4500
008 131103s9999 xx 000 0 und d
020 _a749398280
_cRs.120.00
040 _aLoreto College
041 _aEnglish
082 _a823.91/JOY
_bLCLIB/EngSemLib720/47805
100 _aJoyce,James
245 _aDubliners
_cJames Joyce;with an introduction by Anthony Burgess
260 _aLondon
_bMandarin Paperbacks
_c1992
300 _axiv,203p
_c 18cm
650 _aEnglish fiction
850 _aLCLIB/823.91/JOY
942 _cBK
999 _c36363
_d86842